[Event "Barcelona Vulca"]
[Site "Barcelona"]
[Date "1988.??.??"]
[Round "4"]
[White "Campos Lopez, Mario"]
[Black "Cuadras, Jorge"]
[Result "1-0"]
[WhiteElo "2330"]
[BlackElo "2300"]

1.d4 Nf6 2.c4 e6 3.Nc3 Bb4 4.Nf3 c5 5.g3 cxd4 6.Nxd4 O-O 7.Bg2 d5 8.cxd5 Nxd5
9.Bd2 Ne7 10.Nc2 Bd6 11.b4 Nbc6 12.a3 Be5 13.Rc1 Bd7 14.O-O Rc8 15.Ne3 Bb8
16.Ne4 a5 17.Nc5 axb4 18.axb4 b6 19.Nxd7 Qxd7 20.Nc4 Rcd8 21.Bc3 Qa7 22.Qb3 Nd5
23.Ba1 b5 24.Na3 Qb6 25.Qb2 f6 26.Qb3 Be5 27.Bxe5 fxe5 28.e3 Rf6 29.Rc5 Na5
30.Qb2 Nb7 31.Rxb5 Qa6 32.Bxd5 exd5 33.Qxe5 Qc6 34.Rd1 Re6 35.Qd4 Rf6 36.Qd3 Qa6
37.Rxd5 Rxd5 38.Qxd5+ Kf8 39.Nc4 Qa2 40.Rd2 Qb1+ 41.Kg2 Qxb4 42.Ne5  1-0

[Event "GMA-Open"]
[Site "Belgrade"]
[Date "1988.??.??"]
[Round "?"]
[White "Ubilava, Elizbar"]
[Black "Orlov, Georgi"]
[Result "1-0"]
[WhiteElo "2500"]
[BlackElo "2425"]

1.d4 Nf6 2.c4 e6 3.Nc3 Bb4 4.Nf3 Nc6 5.Bg5 h6 6.Bh4 g5 7.Bg3 Ne4 8.Qc2 Nxg3
9.hxg3 g4 10.d5 gxf3 11.dxc6 fxe2 12.cxd7+ Bxd7 13.Bxe2 Bc6 14.a3 Bc5 15.Rh5 Bd4
16.Nb5 a6 17.Nxd4 Qxd4 18.Rd1 Qf6 19.Kf1 Rd8 20.b4 Rxd1+ 21.Qxd1 Qc3 22.b5 axb5
23.cxb5 Bd5 24.Bf3 Bb3 25.Qb1 Bc2 26.Qa2 Bg6 27.Rh4 Qc1+ 28.Ke2 O-O 29.Qd2 Qxa3
30.Bxb7 Qc5 31.Bc6 h5 32.Kf1 e5 33.Kg1 Qe7 34.Bf3 Rd8 35.Qc3 Rd3 36.Qc4 Rd2
37.Bxh5 Qf6 38.Qc5 Bxh5 39.Rxh5 Rd1+ 40.Kh2 Rd2 41.Qxc7  1-0

[Event "GMA-Open"]
[Site "Belgrade"]
[Date "1988.??.??"]
[Round "?"]
[White "Nikolic, Stanimir"]
[Black "Spiridonov, Nikola"]
[Result "1-0"]
[WhiteElo "2320"]
[BlackElo "2420"]

1.d4 Nf6 2.Nf3 e6 3.c4 Bb4+ 4.Nc3 c5 5.dxc5 Nc6 6.Bd2 Bxc5 7.e3 b6 8.a3 Bb7
9.Be2 O-O 10.O-O Be7 11.Qc2 Rc8 12.Rfd1 Qc7 13.Nb5 Qb8 14.Bc3 d5 15.cxd5 Nxd5
16.Rxd5 exd5 17.Qf5 a6 18.Qg4 g6 19.Nbd4 h5 20.Qh3 Bf6 21.g4 hxg4 22.Qxg4 Nxd4
23.Bxd4 Bxd4 24.Nxd4 Qe5 25.Bd3 Rc7 26.Re1 Bc8 27.Qg2 Re8 28.f4 Qf6 29.f5 Re5
30.Rf1 Kg7 31.Kh1 Rce7 32.fxg6 Qg5 33.Qf2 f5 34.Bxf5 Bxf5 35.Nxf5+ Rxf5 36.Qxf5 Qxf5
37.Rxf5 Rxe3 38.Rxd5  1-0

[Event "Berlin op"]
[Site "Berlin-West"]
[Date "1988.??.??"]
[Round "3"]
[White "Lechtynsky, Jiri"]
[Black "Lofgren, C."]
[Result "1-0"]
[WhiteElo "2455"]
[BlackElo "2140"]

1.d4 Nf6 2.Nf3 e6 3.c4 Bb4+ 4.Nc3 O-O 5.Bg5 h6 6.Bh4 d5 7.e3 Nbd7 8.Bd3 dxc4
9.Bxc4 c5 10.O-O cxd4 11.exd4 Bxc3 12.bxc3 Qa5 13.Qd3 b6 14.Rfe1 Bb7 15.Ne5 Rac8
16.Rac1 Nxe5 17.Rxe5 Qa3 18.Ree1 Nd5 19.Bg3 Rfd8 20.Be5 Ne7 21.Bb3 Rd7 22.Rcd1 Ng6
23.Bg3 Nf8 24.Bf4 Rcd8 25.h4 a6 26.Qg3 Kh8 27.Bc7 Re8 28.Bxb6 Bd5 29.Bc5 Qa5
30.c4 Bb7 31.Bd6 Ng6 32.Bc5 Bc6 33.h5 Nf8 34.Bxf8 Rxf8 35.Re5 Qa3 36.Qc3 Bb7
37.Ra5 Qe7 38.Bc2 Rfd8 39.Re5 Qh4 40.d5 Kg8 41.Qd3 Qf6 42.Rde1 Rd6 43.Qh7+ Kf8
44.R5e3 Rc8 45.Rf3 Qb2 46.Bg6  1-0

[Event "BCF-ch"]
[Site "Blackpool"]
[Date "1988.??.??"]
[Round "?"]
[White "Rossiter, Philip J"]
[Black "Chandler, Murray G"]
[Result "0-1"]
[WhiteElo "2335"]
[BlackElo "2605"]

1.d4 Nf6 2.c4 e6 3.Nc3 Bb4 4.Nf3 b6 5.e3 O-O 6.Bd3 d5 7.a3 Bxc3+ 8.bxc3 Ba6
9.Ne5 dxc4 10.Bc2 Nbd7 11.Qf3 Nxe5 12.dxe5 Nd7 13.Qg3 Nc5 14.O-O Nd3 15.a4 Qd5
16.Ba3 c5 17.a5 Rfd8 18.Rab1 Rab8 19.Qh4 Bb7 20.f3 Qxe5 21.axb6 axb6 22.Rxb6 Qxe3+
23.Kh1 Bd5 24.Bxd3 cxd3 25.Re1 g5 26.Rxe3 gxh4 27.Bxc5 Rxb6 28.Bxb6 Rb8 29.Rxd3 Rxb6
30.h3 Rb1+ 31.Kh2 Rb2 32.c4 Bxc4 33.Rd4 Bd5 34.Kg1 Rc2 35.Rxh4 Rc4 36.Rh5 f6  0-1

[Event "URS-ch otbor56"]
[Site "Blagoveshchensk"]
[Date "1988.??.??"]
[Round "?"]
[White "Anastasian, Ashot"]
[Black "Sherbakov, Vitaly S"]
[Result "0-1"]
[WhiteElo "2445"]
[BlackElo "2290"]

1.d4 Nf6 2.c4 e6 3.Nf3 Bb4+ 4.Nc3 b6 5.Bg5 h6 6.Bh4 Bxc3+ 7.bxc3 d6 8.Nd2 Nbd7
9.e4 e5 10.Bd3 Qe7 11.a4 O-O 12.a5 bxa5 13.Nb3 Re8 14.O-O Nf8 15.Rxa5 Ng6
16.Bg3 h5 17.h3 h4 18.Bh2 Bb7 19.d5 c5 20.Nd2 Bc8 21.Re1 Qc7 22.Ra2 a5 23.Bc2 Bd7
24.Nb1 Reb8 25.Na3 Qd8 26.Ba4 Bxa4 27.Qxa4 Nh5 28.Nb5 Rb6 29.Rea1 Rba6 30.Rb1 Nf6
31.f3 Nh5 32.Na3 R6a7 33.Rab2 Kh7 34.Qc2 Ra6 35.Kf1 Ngf4 36.Rb7 R8a7 37.Rb8 Qf6
38.R8b7 Ra8 39.Rc7 R6a7 40.Rc6 Rd7 41.Rbb6 a4 42.Qd2 Qg6 43.Ra6 Rxa6 44.Rxa6 f5
45.Bxf4 Nxf4 46.Qf2 Qg5 47.Qc2 fxe4 48.Qxe4+ g6 49.Qc2 e4 50.fxe4 Nxh3 51.Ke1 Rf7  0-1

[Event "Texta"]
[Site "Budapest"]
[Date "1988.??.??"]
[Round "?"]
[White "Farago, Ivan"]
[Black "Tolnai, Tibor"]
[Result "1/2-1/2"]
[WhiteElo "2480"]
[BlackElo "2485"]

1.d4 Nf6 2.c4 e6 3.Nc3 Bb4 4.Nf3 c5 5.g3 cxd4 6.Nxd4 O-O 7.Bg2 d5 8.Qb3 Nc6
9.Nxc6 Bxc3+ 10.Qxc3 bxc6 11.O-O a5 12.Rd1 a4 13.Bg5 Ba6 14.cxd5 cxd5 15.Bxf6 Qxf6
16.Qxf6 gxf6 17.e4 dxe4 18.Bxe4 Rab8 19.Rd4 f5 20.Bg2 Rxb2 21.Rxa4 Bb7 22.Bxb7 Rxb7
23.Rc4 Rfb8 24.a4 Rb1+ 25.Rc1 Rxc1+ 26.Rxc1 Ra8 27.Ra1 Ra5 28.Kf1 Kf8 29.Ke2 Ke7
30.Kd3 Kd6 31.Kc4 Kc6 32.Ra2 Kb6 33.Rb2+ Ka6 34.Rb8 Rxa4+ 35.Kc5 Re4 36.Ra8+ Kb7
37.Rf8 Re2 38.Rxf7+ Kc8 39.Kc6 Rc2+ 40.Kd6 Rxf2 41.Rc7+ Kd8 42.Rxh7 Ke8 43.Kxe6 Kf8
44.Kf6 Kg8 45.Rh4 f4 46.gxf4 Ra2 47.f5 Ra6+ 48.Kg5 Ra2 49.h3 Ra3 50.Rh6 Rg3+
51.Kf4 Ra3 52.Rg6+ Kh7 53.Rg3 Ra4+ 54.Kg5 Ra8 55.Rb3 Rg8+ 56.Kh5 Rg1 57.Rb7+ Kg8
58.h4 Rf1 59.Kg6 Rg1+ 60.Kf6 Ra1 61.h5 Ra6+ 62.Kg5 Ra1 63.Rd7 Rg1+ 64.Kf6 Rh1
65.Rd5 Rh2 66.Ke6 Re2+ 67.Re5 Rh2 68.f6 Kf8 69.h6 Ke8 70.h7 Rxh7 71.Ra5 Re7+  1/2-1/2

[Event "Noviki"]
[Site "Budapest"]
[Date "1988.??.??"]
[Round "?"]
[White "Lukacs, Peter"]
[Black "Hoelzl, Franz"]
[Result "1/2-1/2"]
[WhiteElo "2465"]
[BlackElo "2375"]

1.d4 Nf6 2.c4 e6 3.Nc3 Bb4 4.Nf3 c5 5.e3 Nc6 6.Bd3 Bxc3+ 7.bxc3 d6 8.O-O e5
9.Nd2 O-O 10.d5 Ne7 11.f3 Ne8 12.e4 g6 13.Nb3 f5 14.f4 fxe4 15.Bxe4 Nf6 16.Qd3 Nxe4
17.Qxe4 Bf5 18.Qe2 exf4 19.Bxf4 Qd7 20.Bh6 Rfe8 21.Qf2 Kh8 22.Nxc5 dxc5 23.Qxc5 Kg8
24.Qd4 Nc6 25.dxc6 Qxd4+ 26.cxd4 bxc6 27.d5 Re4 28.d6 Rxc4 29.Rad1 Rh4 30.Bf4 Bd7
31.Rde1 Rf8 32.g3 Rh5 33.Re7 Rf7 34.Rfe1 Rhf5 35.Rxf7 Rxf7  1/2-1/2

[Event "BCA op"]
[Site "Buenos Aires"]
[Date "1988.??.??"]
[Round "?"]
[White "Soppe, Guillermo"]
[Black "Contin, Daniel"]
[Result "1-0"]
[WhiteElo "2435"]
[BlackElo "2275"]

1.d4 Nf6 2.c4 e6 3.Nf3 Bb4+ 4.Nc3 b6 5.Qb3 c5 6.Bg5 Nc6 7.e3 Ba6 8.dxc5 bxc5
9.a3 Ba5 10.Qc2 Rb8 11.Nd2 O-O 12.Be2 Qb6 13.Rb1 d6 14.Bxf6 gxf6 15.O-O f5
16.Kh1 Ne5 17.f4 Ng6 18.e4 Ne7 19.Bd3 fxe4 20.Ndxe4 f5 21.Ng5 Rf6 22.Qe2 Bc8
23.Qh5 h6 24.Nf3 Bd7 25.g4 Bc6 26.gxf5 exf5 27.Rg1+ Kh8 28.Rg3 Qb7 29.Kg1 Bxf3
30.Rxf3 Rg8+ 31.Rg3 Bxc3 32.bxc3 Qc8 33.Kf2 Rxg3 34.hxg3 Kg7 35.Qf3 Nc6 36.Re1 Qd7
37.Qd5 Ne7 38.Qa8 Rf8 39.Qf3 Rb8 40.Qe2 Kf6 41.Qh5 Rb2+ 42.Kg1 Kg7 43.g4 Qb7
44.Qh3 Ng6 45.gxf5 Nxf4 46.Qg4+ Kf8 47.Bf1 Nh5 48.Qxh5 Qg7+ 49.Qg6 Qxg6+
50.fxg6 Rb3 51.g7+ Kxg7 52.Re7+ Kf6 53.Rxa7 Rxc3 54.a4 Ke5 55.a5 d5 56.cxd5 Kxd5
57.a6 c4 58.Rc7  1-0

[Event "Caorle op"]
[Site "Caorle"]
[Date "1988.??.??"]
[Round "5"]
[White "Gigerl, Erich"]
[Black "Raicevic, Ivica"]
[Result "0-1"]
[WhiteElo "2225"]
[BlackElo "2340"]

1.d4 e6 2.c4 Nf6 3.Nc3 Bb4 4.Nf3 c5 5.e3 Bxc3+ 6.bxc3 Nc6 7.Bd3 d6 8.O-O e5
9.d5 Ne7 10.Nd2 O-O 11.Qe2 Ng6 12.g3 Re8 13.e4 Bg4 14.f3 Bh3 15.Rf2 Nh5 16.Nb1 Qd7
17.Na3 Ngf4 18.gxf4 exf4 19.Bd2 Re5 20.Rg2 Kh8 21.Kh1 Qe7 22.Rag1 Bxg2+ 23.Rxg2 a6
24.Qf2 g5 25.Rg1 Rg8 26.Bf1 Rg6 27.Bh3 Rh6 28.Kg2 Ng7 29.Re1 Rh4 30.Qf1 Qf6
31.Bc8 Qh6 32.h3 f5 33.Qh1 g4 34.hxg4 fxe4 35.Bxf4 exf3+ 36.Kxf3 Rh3+ 37.Kg2 Rxh1
38.Bxh6 Rexe1 39.Bf4 Reg1+ 40.Kf2 Rf1+ 41.Kg2 Rxf4 42.Kxh1 Rf1+ 43.Kg2 Ra1
44.Kf3 Rxa2 45.Nb1 Rb2 46.Na3 Rb3 47.Nc2 Rxc3+ 48.Ne3 b5 49.Bxa6 b4 50.Ke2 b3
51.Nd1 Rg3 52.Kd2 Rxg4 53.Kc3 Rg3+ 54.Kb2 Nf5 55.Bc8 Nd4 56.Nc3 Rg2+ 57.Kb1 Rc2
58.Nb5 Ne2 59.Bf5 Nc3+  0-1

[Event "Caorle op"]
[Site "Caorle"]
[Date "1988.??.??"]
[Round "7"]
[White "Berkmortel, T."]
[Black "Lagrotteria, Salvatore"]
[Result "1-0"]
[WhiteElo "2200"]
[BlackElo "2040"]

1.d4 Nf6 2.c4 e6 3.Nc3 Bb4 4.Nf3 b6 5.Bg5 Bb7 6.Qc2 h6 7.Bh4 c5 8.d5 exd5
9.cxd5 d6 10.O-O-O Bxc3 11.Qxc3 Nbd7 12.e4 Qe7 13.Bb5 O-O-O 14.Bxd7+ Rxd7
15.Bxf6 gxf6 16.Rhe1 Kb8 17.Nh4 Rdd8 18.Nf5 Qe5 19.Qe3 h5 20.f4 Qe8 21.Qc3 Rg8
22.g3 Qa4 23.Kb1 Ba6 24.Ne7 Rge8 25.Nc6+ Kc7 26.b3 Qa3 27.Nxd8 Rxd8 28.Qxf6 c4
29.Rc1 b5 30.Re2 Rd7 31.e5 Kb8 32.e6 fxe6 33.dxe6 Rc7 34.e7 cxb3 35.e8=Q+ Bc8
36.Rxc7 bxa2+ 37.Ka1  1-0

[Event "Copenhagen op"]
[Site "Copenhagen"]
[Date "1988.??.??"]
[Round "?"]
[White "Levitt, Jonathan"]
[Black "Groszpeter, Attila"]
[Result "1/2-1/2"]
[WhiteElo "2445"]
[BlackElo "2495"]

1.d4 Nf6 2.c4 e6 3.Nc3 Bb4 4.Nf3 c5 5.e3 O-O 6.Bd3 d5 7.O-O b6 8.cxd5 exd5
9.dxc5 bxc5 10.Ne2 Bg4 11.b3 Nc6 12.Bb2 d4 13.exd4 Bxf3 14.gxf3 Nxd4 15.Nxd4 cxd4
16.Bxd4 Qd6 17.Be3 Rad8 18.Bc4 Qe5 19.f4 Qe4 20.Qe2 Rfe8 21.Rad1 Qg6+ 22.Kh1 Rxd1
23.Rxd1 Qe4+ 24.Kg1 Qg6+ 25.Kh1 Qe4+  1/2-1/2

[Event "Copenhagen op"]
[Site "Copenhagen"]
[Date "1988.??.??"]
[Round "?"]
[White "Barbero, Gerardo F"]
[Black "Hansen, Lars Bo"]
[Result "1/2-1/2"]
[WhiteElo "2505"]
[BlackElo "2365"]

1.d4 e6 2.Nf3 Nf6 3.c4 Bb4+ 4.Nc3 b6 5.Bg5 Bb7 6.e3 Be7 7.Qc2 c5 8.dxc5 bxc5
9.Be2 O-O 10.Rd1 Qb6 11.O-O Rd8 12.Rd2 Na6 13.Rfd1 d6 14.Bf4 h6 15.h3 Rab8
16.Bh2 Ba8 17.Ne1 Nb4 18.Qb1 Rbc8 19.Bf3 Bxf3 20.Nxf3 Ne8 21.b3 Qa6 22.e4 Bf6
23.e5 dxe5 24.Ne4 Rxd2 25.Rxd2 Qb7 26.Nxe5 Bxe5 27.Bxe5 f5 28.Nc3 Nc6 29.Qe1 Rd8
30.Rxd8 Nxd8 31.Na4 Qc6 32.Qe3 Nb7 33.Bb8 Nf6 34.Bxa7 Nd7 35.Qg3 Qe4 36.Qf3 Qe1+
37.Kh2 Qe5+ 38.Kg1 Qc7 39.Nc3 Nd6 40.Qa8+ Kh7 41.Nb5 Nxb5 42.cxb5 Qa5 43.Qb7 Qd2
44.Qf3 Qxa2 45.b6 c4 46.bxc4 Nxb6 47.Bxb6  1/2-1/2

[Event "CUB-ch"]
[Site "?"]
[Date "1988.??.??"]
[Round "?"]
[White "Fernandez, Ciro A"]
[Black "Vilela, Jose Luis"]
[Result "0-1"]
[WhiteElo "2230"]
[BlackElo "2410"]

1.d4 Nf6 2.c4 e6 3.Nc3 Bb4 4.Nf3 b6 5.Bg5 h6 6.Bh4 Bb7 7.e3 Bxc3+ 8.bxc3 Qe7
9.Nd2 d6 10.a4 a5 11.f3 Nbd7 12.Bd3 g5 13.Bf2 h5 14.Qc2 h4 15.h3 Nh5 16.O-O-O O-O-O
17.Qb3 f5 18.Kc2 Ng3 19.Bxg3 hxg3 20.e4 g4 21.exf5 gxh3 22.gxh3 e5 23.Be4 exd4
24.cxd4 Rdg8 25.Rde1 Qg5 26.Bxb7+ Kxb7 27.Ne4 Qxf5 28.Qd3 Kb8 29.Rhg1 Rxh3
30.Nd2 Qxd3+ 31.Kxd3 Nf6 32.Re2 Nh5 33.Re4 g2 34.Ke3 Rh1 35.Kf2 Ng3 36.Rg4 Rxg4
37.fxg4 Rxg1 38.Kxg1 Ne2+ 39.Kxg2 Nxd4 40.Kg3 Kc8 41.Kf4 Kd7 42.Ke4 Ne6 43.Kf5 Ke7
44.g5 Nc5 45.g6 Nxa4 46.Ne4 Nc5 47.Nf6 Kf8 48.Nd5 a4 49.Kf6 Ne4+ 50.Kf5 a3  0-1

[Event "CUB-ch"]
[Site "?"]
[Date "1988.??.??"]
[Round "?"]
[White "Garcia Gonzales, Guillermo"]
[Black "Estevez, Guillermo"]
[Result "1/2-1/2"]
[WhiteElo "2525"]
[BlackElo "2310"]

1.d4 Nf6 2.c4 e6 3.Nc3 Bb4 4.Nf3 b6 5.e3 Bb7 6.Be2 d6 7.O-O Bxc3 8.bxc3 O-O
9.Ne1 Nbd7 10.f3 Re8 11.e4 e5 12.Nc2  1/2-1/2

[Event "CUB-ch"]
[Site "?"]
[Date "1988.??.??"]
[Round "?"]
[White "Valdes, Luis E"]
[Black "Hernandez, Roman"]
[Result "0-1"]
[WhiteElo "2310"]
[BlackElo "2430"]

1.d4 Nf6 2.c4 e6 3.Nc3 Bb4 4.Nf3 c5 5.g3 Ne4 6.Qd3 Qa5 7.Qxe4 Bxc3+ 8.Bd2 Bxd2+
9.Nxd2 Nc6 10.d5 Nd4 11.Bg2 Nb3 12.Rd1 Qxa2 13.O-O Qxb2 14.Nf3 O-O 15.Ng5 f5
16.Qd3 a5 17.Rb1 Qd2 18.Qxb3 Qxg5 19.Qb6 Qd8 20.Qxc5 d6 21.Qb5 e5 22.Rfc1 a4
23.Ra1 Qa5 24.Rcb1 Qxb5 25.Rxb5 Ra7 26.Rb6 Rd8 27.Ra3 Kf8 28.e3 Ke7 29.Rb4 Bd7
30.Bf1 Rc8 31.Be2 Rc5 32.Kf1 Kd8 33.Ke1 Kc7 34.h4 g6 35.Bd3 Ra8 36.Be2 Ra6
37.Kd2 Ra8 38.Bd3  0-1

[Event "Eger op"]
[Site "Eger"]
[Date "1988.??.??"]
[Round "?"]
[White "Rashkovsky, Nukhim N"]
[Black "Kovacs, Istvan"]
[Result "1-0"]
[WhiteElo "2490"]
[BlackElo "2285"]

1.d4 Nf6 2.c4 e6 3.Nc3 Bb4 4.Nf3 b6 5.Bg5 Bb7 6.e3 h6 7.Bh4 g5 8.Bg3 Ne4
9.Rc1 Bxc3+ 10.bxc3 d6 11.Nd2 Nxg3 12.hxg3 Nd7 13.Rh2 Qe7 14.Be2 O-O-O 15.Bf3 f5
16.Qa4 g4 17.Bxb7+ Kxb7 18.Rb1 e5 19.Nb3 Nb8 20.c5 dxc5 21.dxc5 h5 22.Ke2 Nc6
23.Rhh1 Qe8 24.Qc4 Qg6 25.Rhd1 f4 26.cxb6 Qc2+ 27.Ke1 Rxd1+ 28.Rxd1 axb6
29.exf4 exf4  1-0

[Event "FIN-SWE"]
[Site "?"]
[Date "1988.??.??"]
[Round "2"]
[White "Yrjola, Jouni"]
[Black "Wedberg, Tom"]
[Result "1/2-1/2"]
[WhiteElo "2455"]
[BlackElo "2475"]

1.d4 Nf6 2.c4 e6 3.Nc3 Bb4 4.Nf3 b6 5.Qb3 Ba5 6.Bg5 Bb7 7.e3 h6 8.Bxf6 Qxf6
9.Be2 O-O 10.O-O Bxc3 11.Qxc3 d6 12.Nd2 c5 13.Bf3 Bxf3 14.Nxf3 Nc6 15.Rfd1 Rfd8
16.Rac1 Rac8 17.dxc5 Qxc3 18.Rxc3 dxc5 19.Rcd3 Rxd3 20.Rxd3 Kf8 21.Kf1 Ke7
22.Ke2 g5 23.Nd2 f5 24.Nb1 Ne5 25.Rc3 Rd8 26.b3 Nc6 27.Rc1 h5 28.h4 gxh4
29.Rh1 Nb4 30.Nc3 Rg8 31.Rxh4 Rxg2 32.Rxh5 Kf6 33.Rh7 Rg7  1/2-1/2

[Event "Bundesliga 8788"]
[Site "Germany"]
[Date "1988.??.??"]
[Round "?"]
[White "Kurz, Alexander"]
[Black "Hecht, Hans Joachim"]
[Result "0-1"]
[WhiteElo "2300"]
[BlackElo "2445"]

1.d4 Nf6 2.c4 e6 3.Nc3 Bb4 4.Nf3 Ne4 5.Qc2 f5 6.g4 c5 7.gxf5 exf5 8.Bg2 Qf6
9.O-O Bxc3 10.bxc3 O-O 11.Nd2 d6 12.Nxe4 fxe4 13.Qxe4 Nc6 14.dxc5 dxc5 15.Be3 Bf5
16.Qd5+ Kh8 17.Bxc5 Rfe8 18.Qf3 Qg6 19.e3 Re5 20.Bd4 Be4 21.Qg3 Rg5 22.Bxe4 Rxg3+
23.hxg3 Qxe4 24.Rab1 Rc8 25.c5 h5 26.Rb2 Rf8 27.Rfb1 h4 28.gxh4 Qxh4 29.f4 Nxd4
30.cxd4 Qg3+  0-1

[Event "Bundesliga 8788"]
[Site "Germany"]
[Date "1988.??.??"]
[Round "?"]
[White "Kurz, Alexander"]
[Black "Ostermeyer, Peter"]
[Result "0-1"]
[WhiteElo "2305"]
[BlackElo "2450"]

1.d4 Nf6 2.c4 e6 3.Nc3 Bb4 4.Nf3 b6 5.Bg5 Bb7 6.e3 h6 7.Bh4 g5 8.Bg3 Ne4
9.Nd2 Bxc3 10.bxc3 Nxg3 11.hxg3 d6 12.e4 Nd7 13.Bd3 Qe7 14.Qa4 a5 15.Rb1 h5
16.g4 h4 17.Rh3 Kf8 18.Kf1 Kg7 19.Kg1 Nf8 20.e5 dxe5 21.c5 Qd7 22.Qc2 exd4
23.cxd4 Qxd4 24.c6 Ba6 25.Bxa6 Rxa6 26.Rb5 Ng6 27.Rxg5 Rd8 28.Nf1 Raa8 29.Rf3 Rd5
30.Rxf7+ Kxf7 31.Qxg6+ Ke7 32.Qh7+ Kd6 33.Rg7 Kxc6 34.Rxc7+ Kb5 35.Ne3 Rc5
36.Qb1+ Ka6 37.Re7 Qd6 38.Qe4 Rc1+ 39.Nf1 Qxe7 40.Qxa8+ Kb5 41.Qe4 Ka6 42.Qa8+ Qa7
43.Qe4 Qd7 44.f4 Qd1 45.Qa8+ Kb5 46.Qe8+ Kb4 47.Qe7+ Ka4  0-1

[Event "BL2-S8788"]
[Site "Germany"]
[Date "1988.??.??"]
[Round "?"]
[White "Fritsch, Rolf"]
[Black "Holzhaeuer, Mathias"]
[Result "1/2-1/2"]
[WhiteElo "2220"]
[BlackElo "2275"]

1.Nf3 Nf6 2.d4 e6 3.c4 Bb4+ 4.Nc3 b6 5.e3 Ne4 6.Qc2 Bxc3+ 7.bxc3 Bb7 8.Bd3 f5
9.O-O O-O 10.Nd2 Nxd2 11.Bxd2 d6 12.f4 Nd7 13.e4 g6 14.e5 Re8 15.Rad1 Rc8
16.Be3 Nf8 17.Qe2 Ba6 18.a4 d5 19.cxd5 Bxd3 20.Qxd3 exd5 21.g4 Qd7 22.Rd2 Re7
23.Rg2 Rg7 24.h3 Qf7 25.Qa6 Qd7 26.Qxa7 Ne6 27.Qa6 Rf8 28.Qb5 Qxb5 29.axb5 Rgf7
30.Rgf2 Ra8 31.Rb1 Ra3 32.Bd2 Ra2 33.g5 Rf8 34.Be3 Ra3 35.Rc2 Kf7 36.Kf2 h6
37.gxh6 Rh8 38.c4 dxc4 39.d5 Nc5 40.Bxc5 bxc5 41.Rxc4 Ra2+ 42.Kg3 Ra3+ 43.Kf2 Ra2+
44.Ke3 Rxh6 45.Rh1 Ke7 46.Rxc5 Kd8 47.b6 cxb6 48.Rc3 Rh4 49.Rc4 g5 50.e6 gxf4+
51.Kd4 f3+ 52.Kd3 Ra3+ 53.Rc3 Ra5 54.Ke3 Rxd5 55.Kxf3 Ke7 56.Re3 Rd6 57.Re2 Rd3+
58.Kg2 f4 59.Rb2 Rd6 60.Rhb1 Rxe6 61.Rxb6 Re2+ 62.Kf1 Re6  1/2-1/2

[Event "Bundesliga 8788"]
[Site "Germany"]
[Date "1988.??.??"]
[Round "?"]
[White "Bialas, Wolfram"]
[Black "Spassky, Boris V"]
[Result "1/2-1/2"]
[WhiteElo "2360"]
[BlackElo "2570"]

1.d4 Nf6 2.c4 e6 3.Nf3 Bb4+ 4.Nc3 c5 5.e3 d5 6.dxc5 O-O 7.Qc2 Nc6 8.a3 Bxc5
9.b4 Be7 10.Bb2 Bd7 11.cxd5 exd5 12.Rd1 Rc8  1/2-1/2

[Event "BL2-N8788"]
[Site "Germany"]
[Date "1988.??.??"]
[Round "?"]
[White "Cordes, Hans Joerg"]
[Black "Rhodin, Christian"]
[Result "1-0"]
[WhiteElo "2320"]
[BlackElo "2255"]

1.d4 Nf6 2.c4 e6 3.Nc3 Bb4 4.Nf3 b6 5.g3 Bb7 6.Bg2 Ne4 7.O-O Bxc3 8.bxc3 Qc8
9.d5 O-O 10.Nd4 f5 11.f3 Nd6 12.Ba3 e5 13.Nb5 Rf6 14.f4 Nxc4 15.fxe5 Nxe5
16.e4 Ba6 17.d6 Nbc6 18.Rxf5 Rxf5 19.exf5 Bxb5 20.Qd5+ Nf7 21.Qxb5 cxd6 22.Bd5 Ne5
23.Bxd6 Nf3+ 24.Bxf3 Qxc3 25.Rf1  1-0

[Event "Groningen"]
[Site "Groningen"]
[Date "1988.??.??"]
[Round "?"]
[White "Piket, Jeroen"]
[Black "Hoeksema, Hendrik Pieter"]
[Result "1/2-1/2"]
[WhiteElo "2495"]
[BlackElo "2355"]

1.d4 Nf6 2.c4 e6 3.Nc3 Bb4 4.Nf3 b6 5.Qb3 c5 6.a3 Bxc3+ 7.Qxc3 h6 8.dxc5 bxc5
9.g3 Bb7 10.Bg2 O-O 11.O-O a5 12.Rd1 Na6 13.Bf4 d5 14.cxd5 exd5 15.Qb3 Ra7
16.Rac1 Re8 17.Qb5 Re6 18.Bh3 Bc6 19.Qd3 Re8 20.Ne5 Ba8 21.Nc4 Re4 22.Nd2 Re8
23.Nc4 Re4 24.Nd2 Re8 25.Nb3 Qb6 26.Qc2  1/2-1/2

[Event "Hallein op"]
[Site "Hallein"]
[Date "1988.??.??"]
[Round "8"]
[White "Hager, Franz"]
[Black "Kiss, Attila"]
[Result "0-1"]
[WhiteElo "2315"]
[BlackElo "2375"]

1.d4 Nf6 2.c4 e6 3.Nc3 Bb4 4.Nf3 c5 5.e3 Nc6 6.Bd3 Bxc3+ 7.bxc3 d6 8.e4 e5
9.d5 Ne7 10.Nh4 h6 11.f4 Ng6 12.Nxg6 fxg6 13.O-O O-O 14.f5 gxf5 15.exf5 Qa5
16.Bd2 Bd7 17.a4 Rae8 18.g4 e4 19.Be2 e3 20.Be1 Ne4 21.Qc1 Rf7 22.Rf3 Rfe7
23.Rxe3 Ng5 24.Rxe7 Rxe7 25.Ra2 Qd8 26.Kf1 Bxa4 27.Qa3 Bd7 28.Qxa7 Kf7 29.Qa8 Qb6
30.h4 Ne4 31.Qa3 Qb1 32.g5 Bxf5 33.Ra1 Ng3+ 34.Kg2 Rxe2+ 35.Kxg3 Qd3+  0-1

[Event "JUG-ch"]
[Site "?"]
[Date "1988.??.??"]
[Round "?"]
[White "Maksimovic, Branimir"]
[Black "Cebalo, Miso"]
[Result "0-1"]
[WhiteElo "2400"]
[BlackElo "2515"]

1.d4 Nf6 2.c4 e6 3.Nc3 Bb4 4.Nf3 b6 5.Bg5 Bb7 6.e3 Bxc3+ 7.bxc3 h6 8.Bh4 d6
9.Nd2 Nbd7 10.f3 Qe7 11.Bd3 g5 12.Bf2 Nh5 13.Qa4 f5 14.g4 Ng7 15.e4 fxg4
16.fxg4 h5 17.O-O-O hxg4 18.Be3 Rh3 19.Rde1 O-O-O 20.Qxa7 c5 21.Rhg1 Kc7
22.Qa4 e5 23.d5 Nh5 24.Nf1 Nf4 25.Qc2 Nf6 26.Ng3 Qh7 27.Nf1 Ra8 28.Kb2 Bc8
29.Ka1 Bd7 30.Rb1 Nxd3 31.Qxd3 Qxe4 32.Qxe4 Nxe4 33.Rb3 Rf3 34.a3 Raf8 35.Rb1 Nxc3
36.Re1 Rf2 37.Bd2 Ne2 38.Rh1 Nd4 39.Kb2 Nf3 40.Rd1 Ba4 41.Kc1  0-1

[Event "JUG-ch"]
[Site "?"]
[Date "1988.??.??"]
[Round "?"]
[White "Cvitan, Ognjen"]
[Black "Djuric, Stefan"]
[Result "0-1"]
[WhiteElo "2520"]
[BlackElo "2475"]

1.d4 Nf6 2.c4 e6 3.Nc3 Bb4 4.Nf3 c5 5.g3 Bxc3+ 6.bxc3 Qa5 7.Bd2 d6 8.Bg2 Bd7
9.O-O Ba4 10.Qb1 Nbd7 11.Bf4 Ke7 12.e4 h6 13.e5 dxe5 14.dxe5 Nh7 15.Qxb7 g5
16.Be3 Rab8 17.Qe4 Qc7 18.Rab1 Rb6 19.h3 Bc6 20.Qc2 Nhf8 21.Nd2 Bxg2 22.Kxg2 Nxe5
23.Rb3 Rg8 24.f4 gxf4 25.Bxf4 Nfg6 26.Qe4 f5 27.Qe3 Rd6 28.Kh2 Nxf4 29.Qxf4 Rd3
30.Qh4+ Kd7 31.Qxh6 Nf7  0-1

[Event "Lvov"]
[Site "Lvov"]
[Date "1988.??.??"]
[Round "?"]
[White "Mikhalchishin, Adrian"]
[Black "Lalev, Dimitar"]
[Result "1-0"]
[WhiteElo "2490"]
[BlackElo "2430"]

1.d4 Nf6 2.c4 e6 3.Nc3 Bb4 4.Nf3 b6 5.Bg5 Bb7 6.e3 h6 7.Bh4 Bxc3+ 8.bxc3 d6
9.Nd2 g5 10.Bg3 Qe7 11.h4 Rg8 12.hxg5 hxg5 13.f3 Nbd7 14.Qa4 Kf8 15.Bd3 Kg7
16.e4 e5 17.Nf1 Nf8 18.Ne3 Bc8 19.O-O-O Ng6 20.Nd5 Nxd5 21.exd5 f6 22.Qc2 Qf7
23.c5 Bd7 24.c6 Be8 25.Bf5 Qe7 26.dxe5 fxe5 27.Qd2 Qf6 28.Be4 Rh8 29.Bf2 Bf7
30.Be3 Nf4 31.g3 Nh3 32.Rxh3  1-0

[Event "URS-chT"]
[Site "Naberezhnie Chelni"]
[Date "1988.??.??"]
[Round "?"]
[White "Basin, Leonid"]
[Black "Ulibin, Mikhail"]
[Result "0-1"]
[WhiteElo "2350"]
[BlackElo "2390"]

1.d4 e6 2.Nf3 Nf6 3.c4 Bb4+ 4.Nc3 c5 5.g3 cxd4 6.Nxd4 O-O 7.Bg2 d5 8.O-O dxc4
9.Qa4 Na6 10.Ndb5 Nd5 11.Rd1 Bd7 12.Nxd5 exd5 13.Rxd5 Qe8 14.Be3 Rc8 15.Rad1 Bc6
16.Rh5 Bxg2 17.Kxg2 f5 18.Rh4 Qc6+ 19.Kg1 Be7 20.Rhd4 Nc7 21.Rd7 Bf6 22.Nc3 Qxa4
23.Nxa4 b5 24.Nc3 b4 25.Na4 c3 26.bxc3 bxc3 27.Rc1 Nb5 28.Nc5 Rfd8 29.Kg2 Rxd7
30.Nxd7 Be7 31.a4 Na3 32.Ne5 c2 33.Nd3 a5 34.Bf4 Rc4 35.Ra1 Nb1 36.Bc1 Nc3
37.Nb2 Rb4 38.Kf3 Rb3 39.e3 Nd1 40.Nd3 Rxd3  0-1

[Event "Naestved op"]
[Site "Naestved"]
[Date "1988.??.??"]
[Round "?"]
[White "Schandorff, Lars"]
[Black "Smagin, Sergey"]
[Result "0-1"]
[WhiteElo "2415"]
[BlackElo "2550"]

1.d4 Nf6 2.c4 e6 3.Nc3 Bb4 4.Nf3 c5 5.g3 cxd4 6.Nxd4 O-O 7.Bg2 d5 8.O-O dxc4
9.Qa4 Na6 10.Ndb5 Nd5 11.Rd1 Bxc3 12.Nxc3 Nxc3 13.bxc3 Nc5 14.Qc2 Qc7 15.Rd4 e5
16.Rxc4 Be6 17.Rb4 Rad8 18.Be3 b6 19.a4 Na6 20.Rbb1 Bc4 21.Rd1 Nc5 22.Rxd8 Rxd8
23.Rb1 Qd6 24.h4 Nb3 25.Be4 h6 26.Bd3 Na5 27.Rd1 e4  0-1

[Event "New York op"]
[Site "New York"]
[Date "1988.??.??"]
[Round "?"]
[White "Rohde, Michael A"]
[Black "Gurevich, Dmitry"]
[Result "1-0"]
[WhiteElo "2555"]
[BlackElo "2475"]

1.d4 Nf6 2.c4 e6 3.Nc3 Bb4 4.Nf3 c5 5.Bg5 cxd4 6.Nxd4 a6 7.Qb3 Be7 8.e3 d6
9.Be2 Qc7 10.O-O O-O 11.f4 Nc6 12.Rac1 Bd7 13.Kh1 Rac8 14.f5 h6 15.fxe6 fxe6
16.Bh4 Rf7 17.Bd3 Ne5 18.Bb1 Qxc4 19.Qxb7 Rcf8 20.b3 Qc8 21.Qxc8 Rxc8 22.Na4 Rb8
23.h3 Nd5 24.Bxe7 Rxe7 25.e4 Nf6 26.Rc7 Kf8 27.Nc3 Be8 28.Rc1 Bg6 29.Nce2 Nxe4
30.Nf4 Nf2+ 31.Kg1 Bxb1 32.Nfxe6+ Kf7 33.Rxe7+ Kxe7 34.Rxb1 Ne4 35.Nxg7 Kd7
36.Re1 Nc3 37.Ngf5 h5 38.a3 Re8 39.Ng3 Rh8 40.Rc1 Nb5 41.Ndf5 d5 42.a4 Nd6
43.Rc5 Nxf5 44.Nxf5 Rb8 45.Nd4 Kd6 46.Ra5 Rb6 47.Nf5+ Ke6 48.Ng7+ Kd6 49.Ne8+ Kc6
50.Nf6 Rxb3 51.Rxa6+ Kc5 52.Ra5+ Kd6 53.Nxh5 d4 54.Nf4 d3 55.Rd5+ Kc6 56.Kf2 Rb2+
57.Ke1 Ng6 58.Rb5 Rc2 59.Nxg6  1-0